|
|
|
|
| LEADER |
00000nam0a2200000 4500 |
| 001 |
273400 |
| 005 |
20231101234627.0 |
| 035 |
|
|
|a (RuTPU)RU\TPU\book\296609
|
| 090 |
|
|
|a 273400
|
| 100 |
|
|
|a 20141025d1986 m y0rusy5003 ca
|
| 101 |
0 |
|
|a rus
|
| 102 |
|
|
|a RU
|
| 105 |
|
|
|a y j 001zy
|
| 200 |
1 |
|
|a Взаимодействие дефектов в кристаллах
|e учебное пособие
|f П. В. Ковтуненко
|g Московский химико-технологический институт им. Д. И. Менделеева (МХТИ)
|
| 210 |
|
|
|a Москва
|c Изд-во МХТИ
|d 1986
|
| 215 |
|
|
|a 59 с.
|c ил.
|
| 606 |
1 |
|
|a Кристаллы
|x Дефекты
|x (кристаллография)
|2 stltpush
|3 (RuTPU)RU\TPU\subj\68763
|9 83924
|
| 610 |
1 |
|
|a учебные пособия
|
| 610 |
1 |
|
|a ассоциаты
|
| 610 |
1 |
|
|a возникновение
|
| 610 |
1 |
|
|a взаимодействие
|
| 610 |
1 |
|
|a реакции
|
| 675 |
|
|
|a 548.4(075.8)
|z rus
|v 3
|
| 700 |
|
1 |
|a Ковтуненко
|b П. В.
|g Павел Васильевич
|4 070
|
| 712 |
0 |
2 |
|a Московский химико-технологический институт им. Д. И. Менделеева (МХТИ)
|2 stltpush
|3 (RuTPU)RU\TPU\col\1701
|
| 801 |
|
0 |
|a RU
|b RuMRKP
|c 19950417
|g psbo
|
| 801 |
|
1 |
|a RU
|b 63413507
|c 20141025
|
| 801 |
|
2 |
|a RU
|b 63413507
|c 20170112
|g RCR
|
| 942 |
|
|
|c BK
|